=LDR 00000nam 2200000 4500 =001 INLIS000000000010966 =005 20130612102555 =008 ***********************************Ind** =035 ##$$0010-061300000010966 =041 ##$$a Ind =082 ##$$a 890 =090 ##$$a 890, Ish p =100 ##$$a Ishar, H.K =245 ##$$a Peranan Umum Merancang Bangunan, H.K. Ishar =260 ##$$a 1992 $b jakarta =300 ##$$a ix, 164 hlm., ilus, 27 cm =650 ##$$a Bangunan =850 ##$$a NBPNMAT